| 000 | 01267cam a2200373 i 4500 | ||
|---|---|---|---|
| 650 | 0 |
_917343 _aCritical thinking |
|
| 650 | 7 |
_99754 _aEleştirel düşünme _2etuturkob |
|
| 999 |
_c200429294 _d47218 |
||
| 001 | 200429294 | ||
| 003 | TR-AnTOB | ||
| 005 | 20240924100721.0 | ||
| 007 | ta | ||
| 008 | 120807s2012 tu a b 000 0 tur d | ||
| 020 | _a9786055467104 | ||
| 040 |
_aDLC _beng _erda _cITU _dITU _dTR-AnTOB |
||
| 041 | 1 |
_atur _heng |
|
| 050 | 0 | 0 |
_aBF448 _b.K76 2012 |
| 090 |
_aBF448 _b.K76 2012 |
||
| 100 |
_aKrogerus, Mikael _eauthor _9119486 |
||
| 240 | 4 | 0 |
_aThe Decision Book: Fifty Models For Strategic Thinking _lTurkish |
| 245 | 1 | 0 |
_aStratejik karar kitabı : _bStratejik düşünme için elli model / _cMikael Krogerus, Roman Tschäppeler ; çeviri Eda Dürüst. |
| 264 | 1 |
_aİstanbul : _bBrandage, _c2012. |
|
| 300 |
_a177 pages: _billustrations ; _c19 cm |
||
| 336 |
_atext _2rdacontent |
||
| 337 |
_aunmediated _2rdamedia |
||
| 338 |
_2rdacarrier _avolume |
||
| 504 | _aIncludes bibliographical references. | ||
| 530 | _aHardcover | ||
| 650 | 7 |
_aKarar verme _2etuturkob _911780 |
|
| 650 | 0 |
_aDecision making _92307 |
|
| 700 | 1 |
_aTschäppeler, Roman _9119487 |
|
| 700 |
_aDürüst, Eda _etranslator _9119489 |
||
| 942 |
_2lcc _cBK |
||